000 00766nam a2200229Ia 4500
003 GCL
008 140319s9999 xx 000 0 ara d
040 _aGCL /
_cGCL
082 0 4 _aق
_b793.3062
_bل ر
100 1 _aمحمد جمال الدين مختار (مراجع)
245 1 0 _aالرقص المصرى القديم /
_cمحمد جمال الدين مختار (مراجع)
700 1 _aلكسوفا، ايرينا
700 1 _aعبدالمنعم ابوبكر
260 _aالقاهرة :
_bالدار المصرية
300 _a244 ص ؛
_c22 سم
490 _a
650 0 4 _aمصر القديمة
650 0 4 _aالفن المصرى القديم
650 0 4 _aالرقص
650 0 4 _aالرقص الشعبى المصرى
942 _2ddc
_cBK
999 _c36479
_d36479